Corpus Linguistics for Online Communication A Guide for Research

Salvato in:
Dettagli Bibliografici
Autore principale: Curtis Collins, Luke
Natura: Libro
Lingua:inglese
Pubblicazione: Abingdon Routledge 2019
Edizione:1st Edition
Soggetti:
Tags: Aggiungi Tag
Nessun Tag, puoi essere il primo ad aggiungerne!!

MARC

LEADER 00000nam a2200000 4500
001 0288049
005 20240426092322.7
020 |a 978-1-138-71896-8 
020 |a 978-1-138-71883-8 
041 0 |a eng 
044 |a GB 
245 1 0 |a Corpus Linguistics for Online Communication  |b A Guide for Research  |c Luke Curtis Collins 
250 |a 1st Edition 
264 1 |a Abingdon  |b Routledge  |c 2019 
300 |a 205 s. 
610 2 0 |a jazykoveda 
610 2 0 |a korpus lingvistický 
610 2 0 |a slovníky 
610 2 0 |a dáta 
610 2 0 |a analýza dát 
610 2 0 |a rešerše 
100 1 |a Curtis Collins, Luke